Von Poussin zu Ingres und Delacroix (Record no. 5001)

MARC details
000 -CABECERA
campo de control de longitud fija 00815nam a2200253 a 4500
001 - NÚMERO DE CONTROL
campo de control BRCA_5307
005 - FECHA Y HORA DE LA ÚLTIMA TRANSACCIÓN
campo de control 20190320205027.0
008 - DATOS DE LONGITUD FIJA--INFORMACIÓN GENERAL
campo de control de longitud fija 021210s1945----sz-a######---#000-0#ger-#
041 ## - CÓDIGO DE LENGUA
Código de lengua del texto/banda sonora o título independiente ger
044 ## - CÓDIGO DEL PAÍS DE LA ENTIDAD EDITORA/PRODUCTORA
Código MARC del país sz
050 #4 - SIGNATURA TOPOGRÁFICA DE LA BIBLIOTECA DEL CONGRESO
Número de clasificación ND552
Número de documento/Ítem .C47 1945
100 1# - ENTRADA PRINCIPAL--NOMBRE DE PERSONA
Nombre de persona Christoffel, Ulrich
9 (RLIN) 13612
245 10 - MENCIÓN DE TÍTULO
Título Von Poussin zu Ingres und Delacroix
Resto del título betrachtungen über die französische Malerei
Mención de responsabilidad, etc. von Ulrich Christoffel.
260 ## - PUBLICACIÓN, DISTRIBUCIÓN, ETC.
Lugar de publicación, distribución, etc. Zürich, Suiza
Nombre del editor, distribuidor, etc. Scientia
Fecha de publicación, distribución, etc. c1945
300 ## - DESCRIPCIÓN FÍSICA
Extensión 174 p.
Otras características físicas il., 142 láminas
Dimensiones 26 cm.
500 ## - NOTA GENERAL
Nota general Incluye índice de ilustraciones
500 ## - NOTA GENERAL
Nota general E84
600 14 - PUNTO DE ACCESO ADICIONAL DE MATERIA--NOMBRE DE PERSONA
Nombre de persona Poussin, Nicolas
Fechas asociadas al nombre 1594-1665
9 (RLIN) 13613
600 14 - PUNTO DE ACCESO ADICIONAL DE MATERIA--NOMBRE DE PERSONA
Nombre de persona Delacroix, Eugene
Fechas asociadas al nombre 1798-1863
9 (RLIN) 13614
600 14 - PUNTO DE ACCESO ADICIONAL DE MATERIA--NOMBRE DE PERSONA
Nombre de persona Ingres, Jean Auguste Dominique
Fechas asociadas al nombre 1780-1867
9 (RLIN) 13615
650 14 - PUNTO DE ACCESO ADICIONAL DE MATERIA--TÉRMINO DE MATERIA
Término de materia o nombre geográfico como elemento de entrada Pintores franceses
9 (RLIN) 7726
902 ## - CATALOGADOR
Iniciales GFM
942 ## - ELEMENTOS DE PUNTO DE ACCESO ADICIONAL (KOHA)
Fuente del sistema de clasificación o colocación Library of Congress Classification
Tipo de ítem Koha Libros
Holdings
Estado de retiro Estado de pérdida Estado dañado No para préstamo Localización permanente Ubicación/localización actual Fecha de adquisición Número de inventario Total de préstamos Signatura topográfica completa Código de barras Fecha visto por última vez Precio válido a partir de Tipo de ítem Koha
El ejemplar forma parte de la colección y puede ser consultado según las políticas vigentes.       Biblioteca del Museo Franz Mayer (Rogerio Casas-Alatriste) Biblioteca del Museo Franz Mayer (Rogerio Casas-Alatriste) 02/12/2010 E84   ND552 .C47 1945 (E84) 5742 22/03/2019 22/03/2019 Libros